Ewige Tabelle 2. Bundesliga - Statistiken

Allgemein
  • Dieses Quiz wurde 66 mal gespielt
  • Das Durchschnittsergebnis liegt bei 62 aus 128
Antwortstatistiken
Punkte Team Spiele Aktuelle Liga Spielzeiten % Korrekt
459 1. FC Heidenheim 356 Bundesliga 2014–23
83%
401 FC Schalke 04 338 2. Bundesliga 1981/82, 1983/84, 1988–91, 2021/22, 2023–
83%
1260 SC Freiburg 812 Bundesliga 1978–93, 1997/98, 2002/03, 2005–09, 2015/16
83%
612 SC Paderborn 400 2. Bundesliga 2005–08, 2009–14, 2015/16, 2018/19, 2020–
82%
613 1. FC Kaiserslautern 442 2. Bundesliga 1996/97, 2006–10, 2012–18, 2022–
80%
39 SC Charlottenburg 38 Berlin Liga 1983/84
80%
178 SC Herford 102 Landesliga 1976–78, 1979–81
80%
159 SC Viktoria Köln 118 Aufgelöst 2010 1978–81
80%
1352 SV Darmstadt 888 Bundesliga 1974–78, 1979–81, 1982–93, 2014/15, 2017–23
78%
1193 1. FC Nürnberg 740 2. Bundesliga 1974–78, 1979/80, 1984/85, 1994–96, 1997/98, 1999–2001, 2003/04, 2008/09, 2014–18, 2019–
77%
1000 1. FC Saarbrücken 698 3. Liga 1974–76, 1978–81, 1983–85, 1986–92, 1993–95, 2000–02, 2004–06
77%
566 FC Augsburg 408 Bundesliga 1974–79, 1980/81, 1982/83, 2006–11
77%
237 Freiburger FC 214 Oberliga 1977–82
77%
621 Union Berlin 574 Bundesliga 2001–04, 2009–19
77%
850 VfL Bochum 548 Bundesliga 1993/94, 1995/96, 1999/2000, 2001/02, 2005/06, 2010–21
77%
841 FC Homburg 570 Regionalliga 1974–81, 1984–86, 1988/89, 1990–95
75%
260 VfB Stuttgart 170 Bundesliga 1975–77, 2016/17, 2019/20
75%
74 1. FC Magdeburg 76 2. Bundesliga 2018/19, 2022–
73%
617 Bayer Uerdingen 458 Oberliga 1974/75, 1976–79, 1981–83, 1991/92, 1993/94, 1996–99
73%
918 Eintracht Braunschweig 684 2. Bundesliga 1980/81, 1985–87, 1988–93, 2002/03, 2005–07, 2011–13, 2014–18, 2020/21, 2022–
73%
192 FC Remscheid 192 Landesliga 1982–84, 1987/88, 1991–93
73%
962 FSV Mainz 05 676 Bundesliga 1974–76, 1988/89, 1990–2004, 2007–09
73%
1621 St Pauli 1096 2. Bundesliga 1974–77, 1978/79, 1984/85, 1986–88, 1991–95, 1997–2001, 2002/03, 2007–10, 2011–
73%
141 FC Schweinfurt 140 Regionalliga 1974–76, 1990/91, 2001/02
72%
97 FC Bocholt 102 Regionalliga 1977/78, 1980/81
70%
134 FC Gütersloh 148 Aufgelöst 2000 1996–99
70%
40 FC Hanau 38 Oberliga 1978/79
70%
1180 VfL Osnabrück 928 2. Bundesliga 1974–84, 1985–93, 2000/01 2003/04, 2007–09, 2010/11, 2019–21, 2023–
70%
401 Dynamo Dresden 374 3. Liga 2004–06, 2011–14, 2016–20, 2021/22
67%
1708 Greuther Fürth 1160 2. Bundesliga 1974–83, 1997–2012, 2013–21, 2022–
67%
504 SpVgg Unterhaching 346 Regionalliga 1989/90, 1992/93, 1995–99, 2001/02, 2003–07
67%
418 SV Sandhausen 322 3. Liga 2012–23
67%
163 VfB Lübeck 154 3. Liga 1995–97, 2002–04
67%
105 Borussia Neunkirchen 68 Saarlandliga 1974/75, 1978/79, 1980/81
65%
879 Hertha BSC 556 2. Bundesliga 1980–82, 1983–86, 1988–90, 1991–97, 2010/11, 2012/13, 2023–
65%
117 RB Leipzig 114 Bundesliga 2014–16
65%
29 VfB Eppingen 38 Verbandsliga Baden 1980/81
65%
215 VfB Oldenburg 152 Regionalliga 1980/81, 1990–93, 1996/97
65%
333 VfL Wolfsburg 286 Bundesliga 1974/75, 1976/77, 1992–97
65%
505 Energie Cottbus 404 Regionalliga 1997–2000, 2003–06, 2009–14
63%
877 Fortuna Düsseldorf 598 2. Bundesliga 1987–89, 1992/93, 1994/95, 1997–99, 2009–12, 2013–18, 2020–
63%
1498 Hannover 96 988 2. Bundesliga 1974/75, 1976–85, 1986/87, 1989–96, 1998–2002, 2016/17, 2019–
63%
25 FSV Salmrohr 38 Rheinlandliga 1986/87
62%
154 FSV Zwickau 118 Regionalliga 1994–98
62%
470 Hansa Rostock 374 2. Bundesliga 1992–95, 2005–07, 2008–10, 2011/12, 2021–
62%
1100 MSV Duisburg 784 3. Liga 1982–86, 1989–91, 1992/93, 1995/96, 2000–05, 2006/07, 2008–13, 2015/16, 2017–19
62%
0 SV Elversberg 0 2. Liga 2023-
62%
1169 Arminia Bielefeld 780 3. Liga 1974–78, 1979/80, 1985–88, 1995/96, 1998/99, 2000–02, 2003/04, 2009–11, 2013/14, 2015–20, 2022/23
60%
31 Eintracht Bad Kreuznach 38 Landesliga 1975/76
60%
1376 Fortuna Köln 970 Regionalliga 1974–2000
60%
26 HSV Barmbek Uhlenhorst 38 Landesliga 1974/75
60%
60 TSG Hoffenheim 106 Bundesliga 2007/08
60%
338 Wuppertaler SV 306 Regionalliga 1975–80, 1992–94
60%
438 Holstein Kiel 304 2. Bundesliga 1978–81, 2017–
58%
365 SSV Ulm 294 3. Liga 1979–81, 1983–85, 1986–88, 1998/99, 2000/01
58%
1264 Stuttgarter Kickers 864 Regionalliga 1974–88, 1989–91, 1992–94, 1996–2001
58%
1038 1860 München 702 3. Liga 1974–77, 1978/79, 1981/82, 1991/92, 1993/94, 2004–17
57%
510 Preußen Münster 306 3. Liga 1974–81, 1989–91
57%
622 SpVgg Bayreuth 544 Regionalliga 1974–82, 1985/86, 1987–90
57%
371 SSV Jahn Regensburg 260 3. Liga 1975–77, 2003/04, 2012/13, 2017–23
57%
511 SV Meppen 436 Regionalliga 1987–98
57%
1481 Alemannia Aachen 1020 Regionalliga 1974–90, 1999–2006, 2007–12
55%
768 RW Oberhausen 648 Regionalliga 1974/75, 1979–81, 1983–88, 1998–2005, 2008–11
55%
88 1. FC Mühlheim 80 Kreisliga 1974–76
53%
1021 SG Wattenscheid 748 Oberliga 1974–90, 1994–96, 1997–99
53%
18 SV Babelsberg 34 Regionalliga 2001/02
53%
161 SV Werder Bremen 76 Bundesliga 1980/81, 2021/22
53%
1064 Waldhof Mannheim 736 3. Liga 1974–83, 1990–97, 1999–2003
53%
347 Carl Zeiss Jena 204 Regionalliga 1991–94, 1995–98, 2006–08
52%
175 FV Würzburg 154 Aufgelöst 1981 1976–80
52%
316 Chemnitzer FC 262 Regionalliga 1991–96, 1999–2001
50%
125 Viktoria Aschaffenburg 102 Regionalliga 1985–87, 1988/89
50%
105 Wehen Wiesbaden 102 2. Bundesliga 2007–09,2019/20, 2023–
50%
665 Erzgebirge Aue 562 3. Liga 2003–08, 2010–15, 2016–22
47%
356 FC Ingolstadt 298 3. Liga 2008/09, 2010–15, 2017–19, 2021/22
47%
1346 KSC 914 2. Bundesliga 1974/75, 1977–80, 1983/84, 1985–87, 1998–2000, 2001–07, 2009–12, 2013–17, 2019–
47%
292 VfB Leipzig 230 Regionalliga unter demNamen Lok Leipzig 1991–93, 1994–98
47%
430 Tennis Borussia Berlin 306 Oberliga 1975/76, 1977–81, 1985/86, 1993/94, 1998–2000
45%
121 VfR Aalen 114 Regionalliga 2012–15
42%
236 Bayer Leverkusen 144 Bundesliga 1975–79
40%
757 Kickers Offenbach 570 Regionalliga 1976–83, 1984/85, 1987–89, 1999/2000, 2005–08
40%
748 Rot Weiß Essen 648 3. Liga 1977–84, 1986–91, 1993/94, 1996/97, 2004/05, 2006/07
40%
151 TuS Koblenz 136 Oberliga 2006–10
40%
10 Spandauer SV 38 Aufgelöst 2014 1975/76
38%
461 Hessen Kassel 390 Regionalliga 1980–87, 1989/90
37%
148 SSV Reutlingen 152 Oberliga 1975/76, 2000–03
37%
155 RW Lüdenscheid 76 Landesliga 1977–81
35%
106 SpVgg Erkenschwick 102 Westfalenliga 1974–76, 1980/81
33%
302 Wormatia Worms 272 Regionalliga 1974/75, 1977–82
33%
357 Eintracht Frankfurt 348 Bundesliga 1996–98, 2001–03, 2004/05, 2011/12
32%
144 FK Pirmasens 136 Oberliga 1974–78
32%
182 Mönchengladbach 156 Bundesliga 1999–2001, 2007/08
32%
52 Rot Weiß Erfurt 66 Regionalliga 1991/92, 2004/05
32%
25 TSV Havelse 38 Regionalliga 1990/91
32%
180 VfR Bürstadt 154 Kreisliga 1977/78, 1979–81, 1984/85
32%
137 BVB 152 Bundesliga 1974–76
30%
653 FSV Frankfurt 536 Regionalliga 1975–81, 1982/83, 1994/95, 2008–16
30%
34 Hallescher FC 32 3. Liga 1991/92
28%
40 VfR Heilbronn 38 Aufgelöst 2003 1974/75
28%
533 FC Köln 442 Bundesliga 1998–2000, 2002/03, 2004/05, 2006–08, 2012–14, 2018/19
27%
294 Hamburger SV 252 2. Bundesliga 2018–
25%
670 Union Solingen 518 Aufgelöst 1990 1975–89
25%
189 1. SC Göttingen 152 Aufgelöst 2003 1974–77, 1980/81
22%
192 Schwarz Weiß Essen 170 Oberliga 1974–78
22%
29 TuS Schloß Neuhaus 38 1985 Fusion mit SC Paderborn 1982/83
22%
47 Bonner SC 38 Oberliga 1976/77
20%
375 Eintracht Trier 340 Oberliga 1976–81, 2002–05
20%
91 MTV Ingolstadt 76 Kreisliga 1978–80
20%
216 Westfalia Herne 152 Westfalenliga 1975–79
20%
80 Würzburger Kickers 76 Regionalliga 1977/78, 2016/17, 2020/21
20%
80 OSC Bremerhaven 78 Oberliga 1977/78, 1979/80
18%
216 Wacker Burghausen 152 Regionalliga 2002–07
18%
129 KSV Baunatal 76 Oberliga 1976–79
17%
31 Sportfreunde Siegen 34 Oberliga 2005/06
17%
379 Blau Weiß 90 Berlin 224 Aufgelöst 1992 1984–86, 1987–92
15%
34 VfR Mannheim 38 Verbandsliga Baden 1974/75
15%
218 Bayern Hof 192 Oberliga 1974–78
13%
323 Rot Weiß Ahlen 274 Regionalliga 2000–06, 2008–10
12%
173 Arminia Hannover 156 Oberliga 1976–80
10%
31 Stahl Brandenburg 32 Aufgelöst 1998 1991/92
10%
97 ESV Ingolstadt 114 Fusion zu FC Ingolstadt 1979–81
8%
83 DJK Gütersloh 78 Fusion zu FC Gütersloh 1974–76
7%
101 DSC Wanne Eickel 118 Westfalenliga 1978–80
7%
19 BSV 07 Schwenningen 38 Kreisliga 1976/77
5%
75 OSV Hannover 76 Landesliga 1979–81
5%
185 Röchlingen Völklingen 192 Aufgelöst 2023 1974–77, 1979/80
3%
37 TSR Olympia Wilhemlshaven 38 Aufgelöst 2009 1974/75
3%
153 Wacker 04 Berlin 156 Aufgelöst 1994 1974–77, 1978/79
3%
Keine übereinstimmenden Quizze gefunden
Verteilung der Resultate
Anzahl Personen mit jedem Resultat
Perzentil nach korrekt beantworteten Fragen
Ihre Resultats-Entwicklung
Sie haben dieses Quiz noch nicht gespielt